[Event "Henry's Altomate Chess "]
[Site "SchemingMind.com"]
[Date "2009.10.25"]
[Round "-"]
[White "BigDaddy"]
[Black "lemmie"]
[Result "0-1"]
[WhiteCountry "AUT"]
[BlackCountry "NED"]
[WhiteElo "1289"]
[WhiteRD "60"]
[BlackElo "1589"]
[BlackRD "50"]
[GameID "224177"]

1. e4 e5 2. Nf3 Nc6 3. Bc4 Bc5 4. O-O d6 5. Nc3 Nf6 6. d3 h6 7. h3 a6 8. Bd2 Qe7 9. Qe2 O-O 10. a3 Be6
11. Bxe6 Qxe6 12. Be3 Bxe3 13. Qxe3 Ne7 14. Qe2 Ng6 15. Qd2 c6 16. Qe3 d5 17. Nd2 d4 18. Qf3 dxc3 19. bxc3 Rab8 20. Qg3 Nf4
21. Qf3 Qd6 22. Nc4 Qc5 23. Qe3 Qxe3 24. fxe3 Ne2+ 25. Kf2 Nxc3 26. Nxe5 Rfd8 27. Kg1 Na4 28. Ra2 Nc3 29. Raa1 Ne2+ 30. Kf2 Nc3
31. g4 Rbc8 32. Rh1 b5 33. h4 Re8 34. g5 Nfxe4+ 35. dxe4 Nxe4+ 36. Kf3 Rxe5 37. Rad1 hxg5 38. hxg5 Nxg5+ 39. Ke2 f6 40. Rh2 Kf7
41. Rd7+ Re7 42. Rd6 Ne4 43. Rd4 c5 44. Rd6 a5 45. Rh7 Rce8 46. c3 Nxd6
0-1

[Event "Henry's Altomate Chess "]
[Site "SchemingMind.com"]
[Date "2009.10.25"]
[Round "-"]
[White "lemmie"]
[Black "BigDaddy"]
[Result "1-0"]
[WhiteCountry "NED"]
[BlackCountry "AUT"]
[WhiteElo "1589"]
[WhiteRD "50"]
[BlackElo "1289"]
[BlackRD "60"]
[GameID "224185"]

1. e4 c5 2. Nf3 d6 3. d4 cxd4 4. Nxd4 Nf6 5. Nc3 a6 6. Bd3 e5 7. Nf3 Bg4 8. h3 Bxf3 9. Qxf3 Be7 10. Be3 O-O
11. O-O Nc6 12. Qg3 h6 13. Bxh6 Nh5 14. Qg4 Bh4 15. Nd5 Nf4 16. Qxg7#
1-0

[Event "Henry's Altomate Chess "]
[Site "SchemingMind.com"]
[Date "2009.10.27"]
[Round "-"]
[White "Gammon"]
[Black "Carl Lenox"]
[Result "1-0"]
[WhiteCountry "USA"]
[BlackCountry "CAN"]
[WhiteElo "1416"]
[WhiteRD "47"]
[BlackElo "1372"]
[BlackRD "64"]
[GameID "224468"]

1. c4 Nf6 2. Nc3 e6 3. e4 d5 4. e5 d4 5. exf6 dxc3 6. fxg7 cxd2+ 7. Bxd2 Bxg7 8. Be2 Bxb2 9. Rb1 Bd4 10. Nf3 Bxf2+
11. Kxf2 Nc6 12. Bc3 Qd7 13. Qxd7+ Bxd7 14. Ne5 O-O-O 15. Rhd1 f6 16. Nf7 e5 17. Nxd8 Rxd8 18. h3 f5 19. Rd2 e4 20. Rdb2 b6
21. a4 Kb7 22. c5 Nb8 23. a5 b5 24. Bxb5 c6 25. a6+ Kc7 26. Ba5+ Kc8 27. Bxd8 Kxd8 28. Bc4 f4 29. Rxb8+ Ke7 30. R8b7
1-0

[Event "Henry's Altomate Chess "]
[Site "SchemingMind.com"]
[Date "2009.10.27"]
[Round "-"]
[White "Carl Lenox"]
[Black "Gammon"]
[Result "1-0"]
[WhiteCountry "CAN"]
[BlackCountry "USA"]
[WhiteElo "1372"]
[WhiteRD "64"]
[BlackElo "1416"]
[BlackRD "47"]
[GameID "224477"]

1. e4 e5 2. Nf3 Nc6 3. Bb5 a6 4. Ba4 Nf6 5. O-O Nxe4 6. d4 b5 7. Bb3 d5 8. dxe5 Be6 9. Re1 Be7 10. c3 Ng5
11. Nxg5 h6 12. Nf3 Bc5 13. Qe2 O-O 14. Be3 Be7 15. Nbd2 Na5 16. Bc2 c5 17. Rad1 Nc6 18. Qd3 Bg4 19. Qh7#
1-0

[Event "Henry's Altomate Chess "]
[Site "SchemingMind.com"]
[Date "2009.11.02"]
[Round "-"]
[White "Clive Everill"]
[Black "spoke"]
[Result "1-0"]
[WhiteCountry "CZE"]
[BlackCountry "GER"]
[WhiteElo "1669"]
[WhiteRD "49"]
[BlackElo "1771"]
[BlackRD "60"]
[GameID "225058"]

1. e4 e5 2. Nc3 Bb4 3. Bc4 Nf6 4. d3 d6 5. f4 Bg4 6. Nf3 Nc6 7. O-O Nd4 8. fxe5 Bxf3 9. gxf3 dxe5 10. Nd5 Nxd5
11. Bxd5 c6 12. Bxf7+ Kxf7 13. c3 Bc5 14. cxd4 Qxd4+ 15. Kh1 Rad8 16. Qb3+ Ke7 17. Bg5+
1-0

[Event "Henry's Altomate Chess "]
[Site "SchemingMind.com"]
[Date "2009.11.02"]
[Round "-"]
[White "spoke"]
[Black "Clive Everill"]
[Result "1-0"]
[WhiteCountry "GER"]
[BlackCountry "CZE"]
[WhiteElo "1771"]
[WhiteRD "60"]
[BlackElo "1669"]
[BlackRD "49"]
[GameID "225066"]

1. e4 d6 2. d4 g6 3. Nc3 a6 4. Be2 Bg7 5. Nf3 Nf6 6. O-O O-O 7. h3 Nbd7 8. Bg5 h6 9. Bh4 Nh7 10. Nd5 Bf6
11. Bxf6 Ndxf6 12. Nxf6+ Nxf6 13. e5 Nd5 14. Qd2 Kg7 15. c4 Nb6 16. b4 Nd7 17. a4 dxe5 18. dxe5 b6 19. Rfd1 Qe8 20. Ra3 Nb8
21. Rd3 Qxa4 22. Rd8 Rxd8 23. Qxd8 Be6 24. Qxe7 Nc6 25. Qf6+ Kg8 26. Nh4 Bxc4 27. Nxg6 fxg6 28. Bxc4+
1-0

[Event "Henry's Altomate Chess "]
[Site "SchemingMind.com"]
[Date "2009.11.09"]
[Round "-"]
[White "APB"]
[Black "Shell"]
[Result "1-0"]
[WhiteCountry "ENG"]
[BlackCountry "ENG"]
[WhiteElo "1535"]
[WhiteRD "61"]
[BlackElo "1272"]
[BlackRD "62"]
[GameID "225871"]

1. e4 e5 2. Nf3 Nc6 3. Bc4 Bc5 4. c3 Nf6 5. d3 d6 6. b4 Bb6 7. a4 a6 8. Ng5 O-O 9. Qb3 Qe7 10. h3 d5
11. exd5 Bd7 12. dxc6 Bxc6 13. O-O e4 14. Re1 e3 15. fxe3 Nh5 16. Nxf7 Be8 17. Ne5+ Kh8 18. d4 Qf6 19. Nf3 Ng3 20. e4 Bg6
21. e5 Qf5 22. Nbd2 Bh5 23. Bd5 c6 24. Be4 Qd7 25. e6 Qe8 26. Nc4 Qxe6 27. Ng5 Qe7 28. Nxb6 Rae8 29. Bd2 Ne2+ 30. Rxe2 Bxe2
31. Re1 Rf1+ 32. Rxf1 Bxf1 33. Kxf1 Rf8+ 34. Kg1 h6 35. Qe6 Qxe6 36. Nxe6 Re8 37. d5 cxd5 38. Bxd5 h5 39. Nc7 Re2 40. Bf4 Re1+
41. Kh2 Rf1 42. Ne6 Kh7 43. Bxb7 Kg6 44. Bxa6 Re1 45. Bd3+ Kf6 46. Nd4 g5 47. Bd2 Rd1 48. Nb3 h4 49. a5 Ke5 50. a6
1-0

[Event "Henry's Altomate Chess "]
[Site "SchemingMind.com"]
[Date "2009.11.09"]
[Round "-"]
[White "Shell"]
[Black "APB"]
[Result "0-1"]
[WhiteCountry "ENG"]
[BlackCountry "ENG"]
[WhiteElo "1272"]
[WhiteRD "62"]
[BlackElo "1535"]
[BlackRD "61"]
[GameID "225875"]

1. d4 Nf6 2. c4 e6 3. Nc3 Bb4 4. e3 O-O 5. Bd3 Nc6 6. Nf3 Re8 7. Bd2 Bxc3 8. Bxc3 d5 9. a3 g6 10. O-O Nd7
11. e4 dxe4 12. Bxe4 e5 13. dxe5 Ncxe5 14. b3 Qe7 15. b4 Nb6 16. Bxe5 Nxc4 17. Qe1 Nxe5 18. Nxe5 Qxe5 19. g3 Qd4 20. Qe3 Qxe3
21. fxe3 Rxe4 22. Rac1 c6 23. b5 Rxe3 24. a4 cxb5 25. axb5 b6 26. Rc7 Be6 27. Kf2 Rb3 28. Kg2 Rxb5 29. h4 h5 30. Re7 Bd5+
31. Kh3 Rc8 32. g4 Rb3+ 33. Kh2 Rc2+ 34. Kg1 Rg2+ 35. Kh1 Rh3#
0-1

[Event "Henry's Altomate Chess "]
[Site "SchemingMind.com"]
[Date "2009.11.12"]
[Round "-"]
[White "Quirine"]
[Black "MOIMOI"]
[Result "1-0"]
[WhiteCountry "NED"]
[BlackCountry "POL"]
[WhiteElo "1971"]
[WhiteRD "91"]
[BlackElo "1575"]
[BlackRD "53"]
[GameID "226360"]

1. d4 e6 2. Nf3 d6 3. e4 Ne7 4. Be2 h6 5. O-O Nd7 6. c4 c5 7. dxc5 Nxc5 8. Nc3 a6 9. b4 Nd7 10. Bf4 e5
11. Be3 Ng6 12. Qd2 Be7 13. Rfd1 O-O 14. Nd5 f5 15. exf5 Rxf5 16. Nxe7+ Nxe7 17. Qxd6 Rf6 18. Qd3 Qe8 19. Qe4 Nf5 20. Rd5 Nxe3
21. Qxe3 Rf4 22. Nxe5 Rf8 23. Rad1 Nxe5 24. Rxe5 Qa4 25. Qb3 Qc6 26. c5+ Kh8 27. Bf3 Qf6 28. Rde1 Rb8 29. Re8 Rxe8 30. Rxe8+ Kh7
31. Qg8+ Kg6 32. Be4+ Bf5 33. Bxf5+ Qxf5 34. Qe6+ Qxe6 35. Rxe6+ Kf5 36. Rb6 Rd8 37. Kf1 Rd7 38. c6 bxc6 39. Rxc6 Ra7 40. Ke2 g6
41. Kd3 Ke5 42. Rxg6
1-0

[Event "Henry's Altomate Chess "]
[Site "SchemingMind.com"]
[Date "2009.11.12"]
[Round "-"]
[White "Fred Fanelli"]
[Black "Frenchy"]
[Result "0-1"]
[WhiteCountry "USA"]
[BlackCountry "CAN"]
[WhiteElo "1587"]
[WhiteRD "89"]
[BlackElo "1790"]
[BlackRD "135"]
[GameID "226361"]

1. c4 e5 2. Nc3 Nf6 3. Nf3 Nc6 4. d4 exd4 5. Nxd4 Bb4 6. Nxc6 bxc6 7. Bd2 O-O 8. e3 d5 9. Be2 Rb8 10. Qc2 Re8
11. O-O Bd6 12. a3 Bg4 13. f3 Bh5 14. b3 Bg6 15. Qd1 Bc5 16. b4 Bxe3+ 17. Bxe3 Rxe3 18. Re1 Rxc3 19. c5 d4 20. Bd3 Rxd3
21. Qe2 Re3
0-1

[Event "Henry's Altomate Chess "]
[Site "SchemingMind.com"]
[Date "2009.11.12"]
[Round "-"]
[White "MOIMOI"]
[Black "Quirine"]
[Result "1-0"]
[WhiteCountry "POL"]
[BlackCountry "NED"]
[WhiteElo "1604"]
[WhiteRD "57"]
[BlackElo "1921"]
[BlackRD "107"]
[GameID "226369"]

1. Nf3 Nf6 2. d3 g6 3. g3 Bg7 4. Bg2 O-O 5. Nc3 d5 6. d4 c5 7. Be3 c4 8. b3 Qa5 9. Bd2 Qc7 10. Bg5 cxb3
11. Qd2 bxc2 12. Qxc2 Ne4 13. Bd2 Nxc3 14. Bxc3 Bf5 15. Qb3 Rc8 16. Rc1 Qd7 17. O-O Nc6 18. Nh4 Bxd4 19. Bxd5 e6 20. Bxc6 Rxc6
21. Bxd4 Qxd4 22. Qxb7 Rxc1 23. Qxa8+ Kg7 24. Rxc1 Be4 25. Qb8 Bd5 26. Qb1 e5 27. e3 Qg4 28. Rc5 Be4 29. Qa1 f6 30. Rc7+ Kh6
31. Rc4 g5 32. f3
1-0

[Event "Henry's Altomate Chess "]
[Site "SchemingMind.com"]
[Date "2009.11.12"]
[Round "-"]
[White "Frenchy"]
[Black "Fred Fanelli"]
[Result "1-0"]
[WhiteCountry "CAN"]
[BlackCountry "USA"]
[WhiteElo "1923"]
[WhiteRD "112"]
[BlackElo "1556"]
[BlackRD "89"]
[GameID "226370"]

1. e4 c6 2. d4 d5 3. e5 Bf5 4. Nc3 e6 5. g4 Bg6 6. Nge2 c5 7. h4 h6 8. Be3 Qb6 9. f4 f5 10. h5 Bf7
11. gxf5 Nc6 12. fxe6 Bxe6 13. Bh3 cxd4 14. Bxd4 Nxd4 15. Qxd4 Bc5 16. Qa4+ Kf7 17. Bxe6+ Qxe6 18. O-O-O Ne7 19. Nd4 Bxd4 20. Rxd4 Nc6
21. Rxd5 Rhd8 22. Qe4 Ne7 23. Rdd1 Nf5 24. Qxb7+
1-0

[Event "Henry's Altomate Chess "]
[Site "SchemingMind.com"]
[Date "2009.11.18"]
[Round "-"]
[White "emvarela"]
[Black "jl1234"]
[Result "1-0"]
[WhiteCountry "ARG"]
[BlackCountry "POL"]
[WhiteElo "1835"]
[WhiteRD "83"]
[BlackElo "1805"]
[BlackRD "74"]
[GameID "226429"]

1. e4 c5 2. Nf3 d5 3. exd5 Qxd5 4. c4 Qd8 5. d4 cxd4 6. Qxd4 Qxd4 7. Nxd4 Bd7 8. Be2 e5 9. Nb3 Nc6 10. a3 Be7
11. O-O Nf6 12. Nc3 a6 13. Bg5 h6 14. Bxf6 Bxf6 15. Nd5 Bd8 16. Nc5 Bc8 17. Rfe1 O-O 18. Ne4 Nd4 19. Bd3 f6 20. Nd6 Rb8
21. Nxc8 Rxc8 22. Re4 Nb3 23. Rd1 Nc5 24. Rg4 f5 25. Rg3 Nxd3 26. Rgxd3 Rxc4 27. Ne3 Rd4 28. Rxd4 exd4 29. Rxd4 Bb6 30. Rd5 Bxe3
31. fxe3 Rf7= 32. Kf2 Rf6 33. Rd8+ Kh7 34. Rd7 Rb6 35. b4 Kg6 36. h4 Kf6 37. Kf3 g6 38. Rh7 h5 39. Rc7 Ke5 40. Rc5+ Kf6
41. g3 Re6 42. Rc4 g5 43. hxg5+ Kxg5 44. Rc7 b6 45. Rc4 Rd6 46. a4 Re6 47. Rc8 Re4 48. Rg8+ Kf6 49. Rf8+ Kg6 50. Rg8+ Kf6
51. Ra8 a5 52. bxa5 Rxa4 53. a6 Kg5 54. a7
1-0

[Event "Henry's Altomate Chess "]
[Site "SchemingMind.com"]
[Date "2009.11.18"]
[Round "-"]
[White "jl1234"]
[Black "emvarela"]
[Result "1-0"]
[WhiteCountry "POL"]
[BlackCountry "ARG"]
[WhiteElo "1805"]
[WhiteRD "74"]
[BlackElo "1835"]
[BlackRD "83"]
[GameID "226434"]

1. e4 e5 2. Nf3 Nc6 3. Bb5 a6 4. Bc4 Nf6 5. Nc3 h6 6. a3 Bc5 7. O-O O-O 8. d3 d6 9. h3 Nd4 10. Nxd4 Bxd4
11. Ne2 Ba7 12. Bd2 b5 13. Bb3 c5 14. Nc3 Bb7 15. Qf3 Rc8 16. a4 b4 17. Nd5 Nxd5 18. exd5 Qf6 19. Qxf6 gxf6 20. Bxh6 Rfe8
21. Rae1 Kh7 22. Bd2 f5 23. c4 Rg8 24. f4 f6 25. Bd1 Rc7 26. fxe5 Rcg7 27. Re2 fxe5 28. Rxf5 Rg3 29. Rf7+ R8g7 30. Rxg7+ Kxg7
31. Re3 Rg6 32. Re4 Bc8 33. g4 Bf5 34. Re3 Bd7 35. b3 Bb6 36. Bc2 Bd8 37. Rf3 Bf6 38. d4 Bxg4 39. hxg4 Rxg4+ 40. Kf1 Rxd4
41. Be3 Rg4 42. Bf5 Rh4 43. Kg2 Rh8 44. Rg3+ Kf7 45. Be6+ Ke7 46. Bg5 e4 47. Bf4 Bd4 48. Bf5 Rf8 49. Bg5+
1-0

[Event "Henry's Altomate Chess "]
[Site "SchemingMind.com"]
[Date "2009.11.14"]
[Round "-"]
[White "mochiron"]
[Black "lame wolf"]
[Result "1-0"]
[WhiteCountry "JPN"]
[BlackCountry "INT"]
[WhiteElo "1499"]
[WhiteRD "86"]
[BlackElo "1097"]
[BlackRD "53"]
[GameID "226541"]

1. b4 g5 2. Bb2 h6 3. Bxh8 Nf6 4. Bxf6 exf6 5. a3 d6 6. e4 g4 7. f3 f5 8. exf5 Bxf5 9. Bd3 Bg7 10. Nc3 Bxd3
11. cxd3 f5 12. fxg4 Bxc3 13. dxc3 Qd7 14. gxf5 Qxf5 15. Nf3 Nd7 16. O-O O-O-O 17. Nd4 Qg6 18. b5 Nb6 19. a4 Re8 20. a5 Nd5
21. Re1 Nxc3 22. Rxe8+ Kd7 23. Re7+ Kxe7 24. Qe1+ Kd7 25. Qxc3 c5 26. Nf3 a6 27. bxa6 bxa6 28. Qc2 Kc6 29. Qa4+ Kd5 30. Qc4+ Kc6
31. Qxa6+ Kd5 32. Qa8+ Ke6 33. Re1+ Kd7 34. Qb7+ Kd8 35. Qe7+ Kc8 36. Qe8+ Kc7 37. Qxg6
1-0

[Event "Henry's Altomate Chess "]
[Site "SchemingMind.com"]
[Date "2009.11.18"]
[Round "-"]
[White "norlavuaram"]
[Black "Schaakmaatje"]
[Result "0-1"]
[WhiteCountry "PER"]
[BlackCountry "NED"]
[WhiteElo "1725"]
[WhiteRD "90"]
[BlackElo "1680"]
[BlackRD "47"]
[GameID "226542"]

1. e4 e6 2. d4 d5 3. Nd2 b6 4. Bd3 Bb7 5. e5 c5 6. c3 Nc6 7. Ne2 Nge7 8. O-O Ng6 9. f4 f5 10. exf6 gxf6
0-1

[Event "Henry's Altomate Chess "]
[Site "SchemingMind.com"]
[Date "2009.11.14"]
[Round "-"]
[White "maro"]
[Black "The Capitalist"]
[Result "0-1"]
[WhiteCountry "MEX"]
[BlackCountry "USA"]
[WhiteElo "1327"]
[WhiteRD "48"]
[BlackElo "1706"]
[BlackRD "109"]
[GameID "226543"]

1. c4 Nf6 2. d4 e6 3. Nc3 Bb4 4. Bd2 O-O 5. Nf3 b6 6. e4 d5 7. e5 Ne4 8. Nxe4 Bxd2+ 9. Qxd2 dxe4 10. Ng5 h6
11. Nxe4 Bb7 12. Qe3 Bxe4 13. Qxe4 Nd7 14. Be2 g6 15. O-O c5 16. d5 exd5 17. cxd5 Qe7 18. d6 Qxe5 19. Qxe5 Nxe5 20. f4 Nc6
21. Bf3 Rac8 22. d7 Rc7 23. Rad1 Nd4 24. Be4 Rxd7 25. Bc6 Rd6 26. Bf3 Rfd8 27. Kf2 Nxf3 28. Rxd6 Rxd6 29. Kxf3 f5 30. g4 fxg4+
31. Kxg4 Rd2
0-1

[Event "Henry's Altomate Chess "]
[Site "SchemingMind.com"]
[Date "2009.11.14"]
[Round "-"]
[White "lame wolf"]
[Black "mochiron"]
[Result "0-1"]
[WhiteCountry "INT"]
[BlackCountry "JPN"]
[WhiteElo "1097"]
[WhiteRD "53"]
[BlackElo "1499"]
[BlackRD "86"]
[GameID "226549"]

1. Nf3 d6 2. e4 e5 3. d4 exd4 4. Nxd4 a6 5. Bd3 Nc6 6. Nxc6 bxc6 7. O-O Nf6 8. Bg5 Be7 9. Nd2 O-O 10. Nf3 Ng4
11. Bxe7 Qxe7 12. Nd4 Qh4 13. h3 Ne5 14. Nf3 Nxf3+ 15. Qxf3 Be6 16. Rae1 Rab8 17. Qg3 Qf6 18. Bxa6 Rxb2 19. Bb7 Rxb7 20. a4 Bc4
21. Rb1 Rxb1 22. Rxb1 h6 23. Rb7 Qa1+ 24. Kh2 Qxa4 25. Rxc7 Qxc2 26. Qxd6 Qxe4 27. f3 Qd5 28. Qxc6 Qxc6 29. Rxc6 Be6 30. g4 g5
31. Kg3 Kg7 32. f4 gxf4+ 33. Kxf4 Kg6 34. g5 hxg5+ 35. Ke5 Kh5 36. Kf6 Bxh3 37. Rc5 Kh4 38. Rxg5 Be6= 39. Kg7 Kxg5 40. Kxf8 f5
0-1

[Event "Henry's Altomate Chess "]
[Site "SchemingMind.com"]
[Date "2009.11.16"]
[Round "-"]
[White "Schaakmaatje"]
[Black "norlavuaram"]
[Result "1-0"]
[WhiteCountry "NED"]
[BlackCountry "PER"]
[WhiteElo "1680"]
[WhiteRD "47"]
[BlackElo "1725"]
[BlackRD "90"]
[GameID "226550"]

1. e4 e5 2. f4 exf4 3. Nf3 d6 4. d4 g5 5. Bc4 h6 6. Nc3 Bg7 7. Bd2 Nc6 8. d5 Ne5 9. Nxe5 Bxe5 10. Qe2 Nf6
11. O-O-O
1-0

[Event "Henry's Altomate Chess "]
[Site "SchemingMind.com"]
[Date "2009.11.14"]
[Round "-"]
[White "The Capitalist"]
[Black "maro"]
[Result "1-0"]
[WhiteCountry "USA"]
[BlackCountry "MEX"]
[WhiteElo "1706"]
[WhiteRD "109"]
[BlackElo "1327"]
[BlackRD "48"]
[GameID "226551"]

1. e4 Nf6 2. e5 Ne4 3. d3 Ng5 4. Bxg5 f6 5. exf6 exf6 6. Qe2+ Be7 7. Bf4 O-O 8. d4 d5 9. c4 dxc4 10. Qxc4+ Kh8
11. Bxc7 Bb4+ 12. Qxb4 Re8+ 13. Be2 Qxc7 14. Nc3 Na6 15. Qb5 Bd7 16. Qd3 Nb4 17. Qd1 Bf5 18. Kf1 Bc2 19. Nb5 Qc6 20. d5 Nxd5
21. Nd4 Qc5 22. Nxc2 Rad8 23. Qc1 Rxe2 24. Nxe2 Qc4 25. Ne3 Qb5 26. Nxd5 Rxd5 27. Qc8+
1-0

[Event "Henry's Altomate Chess "]
[Site "SchemingMind.com"]
[Date "2009.11.16"]
[Round "-"]
[White "Andoni Zabala"]
[Black "Scooter"]
[Result "1-0"]
[WhiteCountry "INT"]
[BlackCountry "USA"]
[WhiteElo "1777"]
[WhiteRD "96"]
[BlackElo "1717"]
[BlackRD "60"]
[GameID "226736"]

1. e4 c6 2. d4 d5 3. Nc3 dxe4 4. Nxe4 Bf5 5. Ng3 Bg6 6. Nf3 Nd7 7. Bd3 Bxd3 8. Qxd3 e6 9. O-O Ngf6 10. Bg5 Be7
11. Rad1 O-O 12. c4 c5 13. d5 exd5 14. cxd5 Bd6 15. Ne4 Ne5 16. Nxe5 Bxe5 17. Nxc5 Bxb2 18. Rb1 b6 19. Rxb2 bxc5 20. Rd1 Qd6
21. Bxf6 Qxf6 22. Rb7 Qd6 23. g3 Rfb8 24. Qb3 g6 25. a4 a5 26. Rb1 Rxb7 27. Qxb7 Rd8 28. Rd1 c4 29. Qb5 Qb4 30. Qc6 c3
31. Rc1 Qd4 32. Rxc3 Rxd5 33. Rc4 Qd1+ 34. Kg2 Rf5 35. Qe8+ Kg7 36. Qe4 Qd2 37. Qd4+ Qxd4 38. Rxd4= Kf6 39. f4 Ke6 40. Kf3 h5
41. Rc4 Rd5 42. Ke3 Kf5 43. h3 g5 44. Rc7 f6 45. Rc8 gxf4+ 46. gxf4 Ke6= 47. Re8+ Kf5 48. Rh8 Kg6 49. Ke4 Rc5 50. Kd4 Rf5
51. Rg8+ Kf7 52. Ke4 Rc5 53. Rd8 Rc3 54. Rd3 Rxd3 55. Kxd3 Ke6 56. Ke4
1-0

[Event "Henry's Altomate Chess "]
[Site "SchemingMind.com"]
[Date "2009.11.16"]
[Round "-"]
[White "Scooter"]
[Black "Andoni Zabala"]
[Result "1-0"]
[WhiteCountry "USA"]
[BlackCountry "INT"]
[WhiteElo "1641"]
[WhiteRD "66"]
[BlackElo "1800"]
[BlackRD "100"]
[GameID "226738"]

1. d4 Nf6 2. Bf4 g6 3. Nf3 Bg7 4. e3 d5 5. Nbd2 O-O 6. Bd3 Nbd7 7. O-O Nh5 8. Bg5 c5 9. c3 Re8 10. Re1 Qc7
11. Qc2 c4 12. Be2 e5 13. dxe5 Nxe5 14. Nxe5 Bxe5 15. f4 Bg7 16. Bxh5 gxh5 17. h3 Qc5 18. Nf1 Bd7 19. Qe2 d4 20. cxd4 Bxd4
21. Rad1 Bxe3+ 22. Nxe3 Bb5 23. Qf2 Re4 24. Bh6 Qc6 25. Qg3+ Qg6 26. Qxg6+ hxg6 27. Nd5 Rxe1+ 28. Rxe1 Rd8 29. Nf6+ Kh8 30. Re7 Rd6
31. Rxf7 Rxf6 32. Rxf6 Kh7 33. Bg5 Kg7 34. Re6 Bc6 35. Re7+ Kf8 36. g3 a5 37. Kf2 b5 38. Ke3 Bg2 39. h4 Bc6 40. Kd4 Be8
41. Kc5 a4 42. Rxe8+
1-0

[Event "Henry's Altomate Chess "]
[Site "SchemingMind.com"]
[Date "2009.11.17"]
[Round "-"]
[White "jesusch"]
[Black "agentofchaos"]
[Result "1-0"]
[WhiteCountry "ESP"]
[BlackCountry "AUS"]
[WhiteElo "1877"]
[WhiteRD "92"]
[BlackElo "1484"]
[BlackRD "83"]
[GameID "226800"]

1. e4 c6 2. d4 d5 3. e5 e6 4. Nf3 c5 5. Bd3 Nc6 6. dxc5 Bxc5 7. O-O Nge7 8. Bf4 O-O 9. Bxh7+ Kxh7 10. Ng5+ Kg8
11. Qh5
1-0

[Event "Henry's Altomate Chess "]
[Site "SchemingMind.com"]
[Date "2009.11.17"]
[Round "-"]
[White "agentofchaos"]
[Black "jesusch"]
[Result "0-1"]
[WhiteCountry "AUS"]
[BlackCountry "ESP"]
[WhiteElo "1438"]
[WhiteRD "76"]
[BlackElo "1877"]
[BlackRD "89"]
[GameID "226804"]

1. e4 c5 2. Nf3 d6 3. d4 cxd4 4. Nxd4 Nf6 5. Nc3 a6 6. Bc4 e6 7. O-O Nc6 8. Re1 Be7 9. Nxc6 bxc6 10. Bf4 e5
11. Bg3 O-O 12. Qd3 Nh5 13. h3 Nxg3 14. Qxg3 Kh8 15. Rad1 f5 16. exf5 Bxf5 17. Bd3 Bh4 18. Qf3 Bxd3 19. Rxd3 Rxf3 20. Rxf3 Qe7
21. Ne4 d5 22. Ng3 e4 23. Rfe3 Bxg3 24. fxg3 Rb8
0-1

[Event "Henry's Altomate Chess "]
[Site "SchemingMind.com"]
[Date "2009.11.17"]
[Round "-"]
[White "rodk"]
[Black "somar96"]
[Result "0-1"]
[WhiteCountry "USA"]
[BlackCountry "POL"]
[WhiteElo "1581"]
[WhiteRD "83"]
[BlackElo "1914"]
[BlackRD "62"]
[GameID "226917"]

1. d4 Nf6 2. c4 g6 3. Nc3 d5 4. e3 Bg7 5. Nf3 O-O 6. Be2 dxc4 7. Bxc4 c5 8. O-O cxd4 9. exd4 Nc6 10. Re1 Bg4
11. h3 Bxf3 12. Qxf3 Qxd4 13. Bb5 e6 14. Be3 Qb4 15. Bxc6 bxc6 16. Qxc6 Qxb2 17. Rab1 Qc2 18. Rec1 Qd3 19. Nb5 Nd5 20. Bc5 Rfc8
21. Qd6 a6 22. Na3 Bf8 23. Qd7 Bxc5 24. Rb7 Rf8 25. Rxc5 Qxa3 26. Ra7 Qxc5
0-1

[Event "Henry's Altomate Chess "]
[Site "SchemingMind.com"]
[Date "2009.11.21"]
[Round "-"]
[White "somar96"]
[Black "rodk"]
[Result "1-0"]
[WhiteCountry "POL"]
[BlackCountry "USA"]
[WhiteElo "1914"]
[WhiteRD "62"]
[BlackElo "1581"]
[BlackRD "83"]
[GameID "226921"]

1. e4 c5 2. Nf3 d6 3. d4 cxd4 4. Nxd4 Nf6 5. Nc3 a6 6. h3 e5 7. Nde2 Be7 8. g4 h6 9. Bg2 Nc6 10. O-O Be6
11. Ng3 Nd4 12. Be3 Qb6 13. Rb1 O-O 14. Nf5 Bxf5 15. exf5 Rab8 16. Ne2 Qa5 17. Nxd4 exd4 18. Bxd4 Rfd8 19. a3 Qc7 20. Rc1 b5
21. Qd3 d5 22. Rfe1 Re8 23. Re2 Rbd8 24. c3 Qb7 25. Rce1 Nh7 26. f4 Bh4 27. Rxe8+ Rxe8 28. Rxe8+
1-0

[Event "Henry's Altomate Chess "]
[Site "SchemingMind.com"]
[Date "2009.11.18"]
[Round "-"]
[White "diggies"]
[Black "memet"]
[Result "1-0"]
[WhiteCountry "USA"]
[BlackCountry "TUR"]
[WhiteElo "1757"]
[WhiteRD "83"]
[BlackElo "1624"]
[BlackRD "78"]
[GameID "227094"]

1. e4 e5 2. Nf3 Nc6 3. Bb5 Qf6 4. b3 Bc5 5. Bb2 Nd4 6. Nxd4 exd4 7. O-O Nh6 8. e5 Qb6 9. a4 O-O 10. c3 d6
11. exd6 Ng4 12. cxd4 Bxd6 13. h3 Nf6 14. Bc4 Be6 15. d3 c5 16. Qf3 cxd4 17. Nd2 Rad8 18. a5 Qc5 19. Qxb7 Qe5 20. Nf3 Qe2
21. Bxd4 Bxh3 22. gxh3 Rd7 23. Qc6 Qe7 24. Bxf6 gxf6 25. Rfe1 Qd8 26. Nh4 Bb8 27. Nf5 Be5 28. Qg2+
1-0

[Event "Henry's Altomate Chess "]
[Site "SchemingMind.com"]
[Date "2009.11.19"]
[Round "-"]
[White "memet"]
[Black "diggies"]
[Result "1-0"]
[WhiteCountry "TUR"]
[BlackCountry "USA"]
[WhiteElo "1560"]
[WhiteRD "67"]
[BlackElo "1696"]
[BlackRD "84"]
[GameID "227099"]

1. e4 e5 2. Nf3 Nf6 3. Nc3 d6 4. Bc4 h6 5. d4 exd4 6. Nxd4 Be7 7. Qf3 c6 8. Bf4 O-O 9. Bd3 Bg4 10. Qe3 d5
11. e5 Bc5 12. f3 Bc8 13. O-O Ne8 14. Nce2 Nc7 15. Bxh6 Ne6 16. c3 gxh6 17. Qxh6 f5 18. exf6 Rxf6 19. Qh7+ Kf8 20. Qh8+ Ke7
21. Qh7+ Kd6 22. b4 Bb6 23. Kh1 Nxd4 24. Nxd4 Bxd4 25. cxd4 Qe7 26. Qh8 Rf8 27. Qh6+ Kc7 28. b5 Bd7 29. Rae1 Qd6 30. Qe3 Re8
31. Qc1 Rh8 32. f4 Kd8 33. Qe3 cxb5 34. Qe5 Qxe5 35. fxe5 Re8 36. Rf6 a6 37. Bg6 Re6 38. Rf8+ Kc7 39. Rc1+ Kb6 40. Bf5 Re7
41. Bxd7 Rxd7 42. Rcc8 Rc7 43. Rxc7 Kxc7 44. g4 Ra7 45. g5 Nc6 46. g6 Ne7 47. g7 Kd7 48. h4 b6 49. Rf7 Ra8 50. h5 Rg8
51. h6 Ke8 52. Rxe7+ Kxe7 53. h7 Kf7 54. h8=Q Rxg7 55. Qa8 Rg6 56. Qxd5+ Re6 57. Qb7+ Kg6 58. Qxa6 Kg5 59. Qxb5
1-0

[Event "Henry's Altomate Chess "]
[Site "SchemingMind.com"]
[Date "2009.12.01"]
[Round "-"]
[White "mochiron"]
[Black "Carl Lenox"]
[Result "1/2-1/2"]
[WhiteCountry "JPN"]
[BlackCountry "CAN"]
[WhiteElo "1448"]
[WhiteRD "79"]
[BlackElo "1406"]
[BlackRD "67"]
[GameID "228717"]

1. b4 e5 2. Bb2 Bxb4 3. Bxe5 Nf6 4. Bxf6 Qxf6 5. c3 Ba5 6. e3 O-O 7. Nf3 Re8 8. Be2 a6 9. O-O c5 10. Na3 b5
11. Rb1 b4 12. cxb4 Bxb4 13. Nc4 Nc6 14. d4 d5 15. Nce5 Bf5 16. Bd3 Be4 17. Bxe4 dxe4 18. Nd2 Rad8 19. Nxe4 Qf5 20. Nxc6 Rd7
21. Nxb4 Rxe4 22. Nd3 Re8 23. g4 Qg6 24. Nf4 Qd6 25. g5 c4 26. d5 a5 27. a4=
1/2-1/2

[Event "Henry's Altomate Chess "]
[Site "SchemingMind.com"]
[Date "2009.11.30"]
[Round "-"]
[White "lemmie"]
[Black "The Capitalist"]
[Result "0-1"]
[WhiteCountry "NED"]
[BlackCountry "USA"]
[WhiteElo "1617"]
[WhiteRD "52"]
[BlackElo "1656"]
[BlackRD "98"]
[GameID "228718"]

1. e4 c6 2. Nf3 d5 3. exd5 cxd5 4. d4 Nc6 5. Bb5 Nf6 6. Bxc6+ bxc6 7. Ne5 Bb7 8. Nc3 e6 9. Bg5 Be7 10. O-O O-O
11. a3 h6 12. Bh4 g5 13. Bg3 Nd7 14. Ng4 Kg7 15. Qe2 Qb6 16. Be5+ Nxe5 17. Qxe5+ Kg8 18. Nxh6+ Kh7 19. Ng4 Rad8 20. b4 Rg8
21. Ne2 Kg6 22. Ng3 Kh7 23. Nf6+ Bxf6 24. Qxf6 Qc7 25. a4 Rg6 26. Qf3 Rh6 27. Ra3 f5 28. Ne2 Qxh2#
0-1